[Event "COL-ch sf"]
[Site "Pereira"]
[Date "2024.03.31"]
[Round "11"]
[White "Guerrero, Hernando"]
[Black "Borre Meza, Orlando David"]
[Result "0-1"]
[WhiteElo "1773"]
[BlackElo "1886"]
[PlyCount "78"]
[EventDate "2024.03.26"]
[EventType "swiss"]
[EventRounds "11"]
[EventCountry "COL"]
[SourceTitle "CB14_2024"]
[SourceDate "2024.04.01"]
[SourceVersion "1"]
[SourceVersionDate "2024.04.01"]
[SourceQuality "1"]

1. d4 d5 2. c4 e6 3. Nc3 c5 4. Nf3 Nf6 5. e3 Nc6 6. Bd3 a6 7. 0-0 dxc4 8. Bxc4 b5 9. Bd3 Bb7 10. dxc5 Bxc5 11. a3 Qc7 12. b4 Bd6 13. Ne4 Nxe4 14. Bxe4 f5 15. Bxc6+ Bxc6 16. Nd4 Bd5 17. Qh5+ g6 18. Qh6 e5 19. Nf3 0-0-0 20. Bb2 Kb7 21. Rfc1 Qe7 22. Ng5 Rd7 23. Rd1 Bb3 24. Re1 Rhd8 25. e4 f4 26. Nf3 Bb8 27. Rac1 Rd3 28. Qg5 Qxg5 29. Nxg5 Rd2 30. Bc3 Ra2 31. Nf3 Ba7 32. Bxe5 Bxf2+ 33. Kh1 Bxe1 34. Rxe1 Rd1 35. Rxd1 Bxd1 36. Bxf4 Bxf3 37. gxf3 Rf2 38. e5 Rxf3 39. Bg3 Rxa3 0-1

[Event "Medellin de La Raza U2000 op"]
[Site "Medellin"]
[Date "2023.10.16"]
[Round "9"]
[White "Guerrero, Hernando"]
[Black "Aristizabal Soto, Diego Fernando"]
[Result "1/2-1/2"]
[WhiteElo "1672"]
[BlackElo "1456"]
[PlyCount "51"]
[EventDate "2023.10.12"]
[EventType "swiss"]
[EventRounds "9"]
[EventCountry "COL"]
[SourceTitle "Mega2024 Update 01"]
[Source "Chessbase"]
[SourceDate "2023.11.12"]
[SourceVersion "1"]
[SourceVersionDate "2023.11.12"]
[SourceQuality "1"]

1. d4 d5 2. c4 dxc4 3. Nc3 a6 4. a4 Nf6 5. e3 e6 6. Bxc4 c5 7. d5 exd5 8. Nxd5 Nc6 9. Nxf6+ Qxf6 10. Qf3 Qxf3 11. Nxf3 Be7 12. Bd2 Bg4 13. Bc3 0-0 14. h3 Bf5 15. Bd5 Rac8 16. e4 Bd7 17. 0-0 h6 18. Rfd1 Rfd8 19. Rd2 Be6 20. Bxe6 fxe6 21. Rad1 Rxd2 22. Rxd2 Rd8 23. Rxd8+ Bxd8 24. b3 Kf7 25. Kf1 Bf6 26. Bd2 1/2-1/2

[Event "Bucaramanga op"]
[Site "Bucaramanga"]
[Date "2023.09.07"]
[Round "3"]
[White "Guerrero, Hernando"]
[Black "Remolina Garcia, Mayra Xiomara"]
[Result "0-1"]
[WhiteElo "1672"]
[BlackElo "1509"]
[PlyCount "52"]
[EventDate "2023.09.06"]
[EventType "swiss"]
[EventRounds "9"]
[EventCountry "COL"]
[SourceTitle "EXT 2024"]
[Source "ChessBase"]
[SourceDate "2023.10.10"]
[SourceVersion "1"]
[SourceVersionDate "2023.10.10"]
[SourceQuality "1"]

1. d4 d5 2. c4 c6 3. Nc3 Bf5 4. e3 e6 5. Nf3 Nd7 6. Bd3 Bg6 7. Bxg6 hxg6 8. Qb3 Qc7 9. h3 Ngf6 10. Rg1 Be7 11. Bd2 Ne4 12. cxd5 exd5 13. Rc1 Qb8 14. Kf1 f5 15. Be1 g5 16. Nxe4 fxe4 17. Ne5 Nxe5 18. dxe5 0-0 19. Bc3 Qc8 20. Rc2 g4 21. hxg4 Qxg4 22. Rd2 b5 23. Qd1 Rxf2+ 24. Kxf2 Rf8+ 25. Ke1 Qg3+ 26. Ke2 Qf2# 0-1

[Event "Bucaramanga op"]
[Site "Bucaramanga"]
[Date "2023.09.06"]
[Round "1"]
[White "Guerrero, Hernando"]
[Black "Castillo, Luis Alberto"]
[Result "0-1"]
[WhiteElo "1672"]
[BlackElo "1948"]
[PlyCount "27"]
[EventDate "2023.09.06"]
[EventType "swiss"]
[EventRounds "9"]
[EventCountry "COL"]
[SourceTitle "EXT 2024"]
[Source "ChessBase"]
[SourceDate "2023.10.10"]
[SourceVersion "1"]
[SourceVersionDate "2023.10.10"]
[SourceQuality "1"]

1. d4 Nf6 2. Bg5 Ne4 3. Bf4 c5 4. dxc5 Nc6 5. c3 e5 6. Be3 Bxc5 7. Bxc5 Nxc5 8. Nd2 d5 9. Nb3 Ne4 10. Nd2 Nf6 11. e3 0-0 12. Ngf3 d4 13. cxd4 exd4 14. exd4 0-1

[Event "Pereira Fiestas de la Cosecha op"]
[Site "Pereira"]
[Date "2023.08.27"]
[Round "6"]
[White "Velez Garcia, Carlos Alberto"]
[Black "Guerrero, Hernando"]
[Result "0-1"]
[WhiteElo "1369"]
[BlackElo "1687"]
[PlyCount "54"]
[EventDate "2023.08.24"]
[EventType "swiss"]
[EventRounds "7"]
[EventCountry "COL"]
[SourceTitle "EXT 2024"]
[Source "ChessBase"]
[SourceDate "2023.10.10"]
[SourceVersion "1"]
[SourceVersionDate "2023.10.10"]
[SourceQuality "1"]

1. e4 d6 2. d4 Nf6 3. Nc3 g6 4. Bf4 Bg7 5. Nf3 0-0 6. Bc4 Nc6 7. h3 a6 8. a3 Bd7 9. 0-0 Nh5 10. Be3 e5 11. dxe5 Nxe5 12. Nxe5 Bxe5 13. f4 Bg7 14. f5 Qh4 15. Qe1 Qxe1 16. Raxe1 Bc6 17. fxg6 hxg6 18. Bg5 Bd4+ 19. Kh2 Rae8 20. Rf3 Be5+ 21. Kg1 Kg7 22. Nd5 Bxd5 23. Bxd5 c6 24. Bb3 f6 25. Bd2 g5 26. c3 Bg3 27. Ree3 Be5 0-1

[Event "Pereira Fiestas de la Cosecha op"]
[Site "Pereira"]
[Date "2023.08.26"]
[Round "4"]
[White "Herize Godoy, Miguel Andres"]
[Black "Guerrero, Hernando"]
[Result "1-0"]
[WhiteElo "1991"]
[BlackElo "1687"]
[PlyCount "53"]
[EventDate "2023.08.24"]
[EventType "swiss"]
[EventRounds "7"]
[EventCountry "COL"]
[SourceTitle "EXT 2024"]
[Source "ChessBase"]
[SourceDate "2023.10.10"]
[SourceVersion "1"]
[SourceVersionDate "2023.10.10"]
[SourceQuality "1"]

1. e4 d6 2. d4 Nf6 3. Nc3 g6 4. f4 Bg7 5. Nf3 Nc6 6. d5 Nb8 7. Bb5+ Bd7 8. e5 Ng4 9. Bxd7+ Qxd7 10. h3 Nh6 11. 0-0 0-0 12. Qe1 e6 13. dxe6 Qxe6 14. Qe4 Nc6 15. Nd5 Rac8 16. g4 dxe5 17. Ng5 Qe8 18. f5 f6 19. Ne6 gxf5 20. gxf5 Rf7 21. Kh2 Nd4 22. Nxg7 Kxg7 23. Rg1+ Kh8 24. Bxh6 c6 25. Ne3 Qe7 26. Rg2 Qc7 27. Rag1 1-0

[Event "Rivera Huila Hernandez Memorial-B"]
[Site "Rivera Huila"]
[Date "2023.07.23"]
[Round "6"]
[White "Sepulveda, Lyda Marcela"]
[Black "Guerrero, Hernando"]
[Result "0-1"]
[WhiteElo "1347"]
[BlackElo "1685"]
[PlyCount "58"]
[EventDate "2023.07.20"]
[EventType "swiss"]
[EventRounds "7"]
[EventCountry "COL"]
[SourceTitle "CBM 215 Extra"]
[Source "ChessBase"]
[SourceDate "2023.09.30"]
[SourceVersion "1"]
[SourceVersionDate "2023.09.30"]
[SourceQuality "1"]

1. e4 d6 2. d4 Nf6 3. Bd3 c6 4. c4 g6 5. Nc3 Bg7 6. Nge2 e5 7. d5 0-0 8. 0-0 Nbd7 9. b4 a5 10. b5 cxd5 11. cxd5 Nc5 12. a4 Bg4 13. Ra2 b6 14. h3 Bxe2 15. Qxe2 Nh5 16. Be3 Nf4 17. Bxf4 exf4 18. Nb1 Nb3 19. Nd2 Nd4 20. Qd1 Rc8 21. Nf3 Nxf3+ 22. Qxf3 Rc3 23. Rd1 Be5 24. Qg4 Qc7 25. h4 h5 26. Qe2 Qe7 27. Rc2 Rxc2 28. Bxc2 Qxh4 29. f3 Qg3 0-1

[Event "Medellin Easter op 11th"]
[Site "Medellin"]
[Date "2023.04.09"]
[Round "6"]
[White "Guerrero, Hernando"]
[Black "Vahos Correa, Nicolas"]
[Result "0-1"]
[WhiteElo "1690"]
[BlackElo "1347"]
[PlyCount "72"]
[EventDate "2023.04.05"]
[EventType "swiss"]
[EventRounds "7"]
[EventCountry "COL"]
[SourceTitle "CBM 213 Extra"]
[Source "ChessBase"]
[SourceDate "2023.05.31"]
[SourceVersion "1"]
[SourceVersionDate "2023.05.31"]
[SourceQuality "1"]

1. d4 g6 2. c4 Bg7 3. Nc3 d6 4. e4 e5 5. d5 Nd7 6. Bd3 Ngf6 7. Nge2 0-0 8. f3 Nh5 9. Be3 Qe8 10. g4 Nf4 11. Bxf4 exf4 12. 0-0 Qe5 13. Qd2 Nc5 14. Bc2 g5 15. Rab1 a6 16. Qe1 Qf6 17. Kg2 Nd7 18. Rh1 Ne5 19. b3 Bxg4 20. fxg4 f3+ 21. Kg1 fxe2 22. Qxe2 Nf3+ 23. Kg2 Nh4+ 24. Kg1 Qxc3 25. Qd3 Qxd3 26. Bxd3 Rae8 27. Kf1 Re7 28. h3 Ng6 29. Re1 Rfe8 30. Bc2 Ne5 31. Kg2 Ng6 32. Ref1 Nf4+ 33. Kf3 c6 34. Rd1 cxd5 35. cxd5 Rc7 36. Rh2 Rc3+ 0-1

[Event "Teusaquillo Rapid op"]
[Site "Teusaquillo"]
[Date "2023.03.05"]
[Round "5"]
[White "Villamil Alarcon, Hector Orlando"]
[Black "Guerrero, Hernando"]
[Result "1-0"]
[WhiteElo "1971"]
[BlackElo "1716"]
[PlyCount "45"]
[EventDate "2023.03.04"]
[EventType "swiss (rapid)"]
[EventRounds "9"]
[EventCountry "COL"]
[SourceTitle "CBM 213 Extra"]
[Source "ChessBase"]
[SourceDate "2023.05.31"]
[SourceVersion "1"]
[SourceVersionDate "2023.05.31"]
[SourceQuality "1"]

1. e4 d6 2. d4 e5 3. dxe5 dxe5 4. Qxd8+ Kxd8 5. Bc4 Ke8 6. Nc3 c6 7. Nf3 f6 8. h3 Bb4 9. Bd2 Ne7 10. 0-0-0 a5 11. a4 Na6 12. Bxa6 Rxa6 13. Ne2 Bc5 14. Rhf1 b5 15. axb5 cxb5 16. Nc3 Bd7 17. Be3 Bxe3+ 18. fxe3 b4 19. Nd5 Rc6 20. Kb1 Be6 21. Rd2 Kf7 22. Nxe5+ Ke8 23. Nf3 1-0

[Event "COL Subzt 2.3.4"]
[Site "Risarald"]
[Date "2021.11.28"]
[Round "9"]
[White "Moreno Hernandez, Andres Mauricio"]
[Black "Guerrero, Hernando"]
[Result "1/2-1/2"]
[WhiteElo "1387"]
[BlackElo "1744"]
[PlyCount "87"]
[EventDate "2021.11.23"]
[EventType "swiss"]
[EventRounds "9"]
[EventCountry "COL"]
[SourceTitle "CBM 205 Extra"]
[Source "ChessBase"]
[SourceDate "2022.01.31"]
[SourceVersion "1"]
[SourceVersionDate "2022.01.31"]
[SourceQuality "1"]

1. e4 c5 2. Nf3 d6 3. d4 cxd4 4. Nxd4 Nf6 5. Nc3 g6 6. Bc4 Bg7 7. Bg5 0-0 8. Qd2 a6 9. 0-0 b5 10. Bb3 Bb7 11. Rfe1 Nbd7 12. Bh6 Nc5 13. Bd5 Qc7 14. Qg5 b4 15. Bxb7 Qxb7 16. Bxg7 Kxg7 17. Nf5+ Kh8 18. Nxd6 exd6 19. Qxf6+ Kg8 20. Nd5 Rae8 21. f3 Re6 22. Qh4 Kg7 23. Nf4 Re5 24. Rad1 Qb6 25. Nd5 Qa7 26. Qf6+ Kg8 27. Qxd6 Nxe4+ 28. Qb6 Qxb6+ 29. Nxb6 Re6 30. Nd7 Rc8 31. fxe4 Rxc2 32. e5 Rxb2 33. Rb1 Rxa2 34. Rxb4 Kg7 35. Nf6 Ra5 36. Rb8 Raxe5 37. Rxe5 Rxe5 38. Nd7 Rd5 39. Nb6 Rd1+ 40. Kf2 Rd2+ 41. Kg1 Rd1+ 42. Kf2 Rd2+ 43. Kg1 Rd1+ 44. Kf2 1/2-1/2

[Event "COL Subzt 2.3.4"]
[Site "Risarald"]
[Date "2021.11.26"]
[Round "6"]
[White "Guerrero, Hernando"]
[Black "Chavez Duero, Brayan Steven"]
[Result "0-1"]
[WhiteElo "1744"]
[BlackElo "1960"]
[PlyCount "76"]
[EventDate "2021.11.23"]
[EventType "swiss"]
[EventRounds "9"]
[EventCountry "COL"]
[SourceTitle "CBM 205 Extra"]
[Source "ChessBase"]
[SourceDate "2022.01.31"]
[SourceVersion "1"]
[SourceVersionDate "2022.01.31"]
[SourceQuality "1"]

1. e4 c5 2. Nf3 g6 3. d4 cxd4 4. Nxd4 Nc6 5. Nc3 Bg7 6. Be3 Nf6 7. Bc4 Qa5 8. 0-0 0-0 9. Bb3 d6 10. Nd5 Re8 11. Nxf6+ Bxf6 12. c3 Bd7 13. Nxc6 Bxc6 14. f3 b5 15. Bd4 Bg7 16. Bxg7 Kxg7 17. Qd4+ f6 18. Be6 Rab8 19. a3 Qb6 20. Rac1 Red8 21. Kh1 Bd7 22. Ba2 Bc6 23. Be6 Rb7 24. f4 Qxd4 25. cxd4 Bxe4 26. f5 gxf5 27. Bxf5 Bxf5 28. Rxf5 e5 29. Rc3 Rf7 30. h3 Rdd7 31. Rc6 Kg6 32. Rf3 e4 33. Re3 f5 34. g3 Kf6 35. Kg2 Ke6 36. Rc2 Kd5 37. Rd2 Rc7 38. Kf2 Rc4 0-1

[Event "Tolima Deportivo op"]
[Site "Tolima"]
[Date "2021.11.14"]
[Round "5"]
[White "Guerrero, Hernando"]
[Black "Diaz Meneses, Luisa Fernanda"]
[Result "1-0"]
[WhiteElo "1744"]
[BlackElo "1647"]
[PlyCount "36"]
[EventDate "2021.11.12"]
[EventType "swiss"]
[EventRounds "7"]
[EventCountry "COL"]
[SourceTitle "CBM 205 Extra"]
[Source "ChessBase"]
[SourceDate "2022.01.31"]
[SourceVersion "1"]
[SourceVersionDate "2022.01.31"]
[SourceQuality "1"]

1. e4 c5 2. Nf3 e6 3. d4 cxd4 4. Nxd4 Qc7 5. Nc3 Bb4 6. Qd3 Nf6 7. Be2 a6 8. 0-0 b5 9. Bd2 Bb7 10. f4 Be7 11. Kh1 d6 12. Bf3 h5 13. a3 g6 14. Rae1 h4 15. h3 Nh5 16. Bxh5 Rxh5 17. f5 e5 18. fxg6 Nd7 1-0